000 00690cam a2200229 i 4500
999 _c2026
_d2026
003 OSt
005 20210706060258.0
008 770824s1978 nyu b 000 0 eng
020 _a0080222501
020 _a0080222498 (pbk.)
040 _cDLC
050 0 0 _aRJ504
_b.P7 1978
245 0 0 _aPrescriptions for child mental health and education /
_cArnold P. Goldstein, editor.
260 _aNew York :
_bPergamon Press,
_cc1978.
300 _aix, 454 p. ;
_c24 cm.
504 _aIncludes bibliographies.
650 0 _aChild psychotherapy.
650 0 _aChild mental health.
700 1 _aGoldstein, Arnold P.
906 _a7
_bcbc
_corignew
_d1
_eocip
_f19
_gy-gencatlg
942 _2lcc
_cBK
_nMM